Contract,Trot & Restitution 2007-2008 (Record no. 6965)

MARC details
000 -LEADER
fixed length control field 00390nam a2200157Ia 4500
008 - FIXED-LENGTH DATA ELEMENTS--GENERAL INFORMATION
fixed length control field 230312s9999||||xx |||||||||||||| ||und||
020 ## - INTERNATIONAL STANDARD BOOK NUMBER
International Standard Book Number 0-19-921167-8
082 ## - DEWEY DECIMAL CLASSIFICATION NUMBER
Classification number 346.4
Item number ROS-C
100 ## - MAIN ENTRY--PERSONAL NAME
Personal name Rose;Francis
245 #0 - TITLE STATEMENT
Title Contract,Trot & Restitution 2007-2008
260 ## - PUBLICATION, DISTRIBUTION, ETC.
Name of publisher, distributor, etc. Oxford
Place of publication, distribution, etc. UK
Date of publication, distribution, etc. 2007
300 ## - PHYSICAL DESCRIPTION
Extent 591
546 ## - LANGUAGE NOTE
Language note Eng.
650 ## - SUBJECT ADDED ENTRY--TOPICAL TERM
Topical term or geographic name entry element Law
Form subdivision Contract,tort & Restitution
942 ## - ADDED ENTRY ELEMENTS (KOHA)
Koha item type BOOK
Holdings
Withdrawn status Lost status Source of classification or shelving scheme Damaged status Not for loan Home library Current library Date acquired Total Checkouts Full call number Barcode Date last seen Date last checked out Price effective from Koha item type
    Dewey Decimal Classification     Superior Information Resource Center (SIRC) Superior University- Main Campus Superior Information Resource Center (SIRC) Superior University- Main Campus 03/13/2023 2 346.4 ROS-C 7070 07/25/2023 07/25/2023 03/13/2023 BOOK

Powered by Koha